[Event "2nd Grand Europe Open 2013"]
[Site "Golden Sands BUL"]
[Date "2013.06.10"]
[Round "1.16"]
[White "Rusev,K"]
[Black "Guempel,V"]
[Result "1/2-1/2"]
[WhiteElo "2556"]
[BlackElo "2212"]

1.d4 d5 2.c4 c6 3.Nf3 Nf6 4.Nc3 e6 5.e3 Nbd7 6.Qc2 Bd6 7.Bd3 O-O 8.O-O dxc4
9.Bxc4 Qe7 10.h3 c5 11.dxc5 Bxc5 12.e4 Bd6 13.Nb5 Ne5 14.Be2 Nxf3+ 15.Bxf3 Be5
16.Be3 Bd7 17.Nd4 Rfc8 18.Qe2 Qb4 19.Rfd1 h6 20.g3 Bc6 21.a3 Qa4 22.b3 Qa5
23.b4 Qa4 24.Bf4 Bxd4 25.Rxd4 a5 26.Bd6 axb4 27.Rxb4 Qa6 28.Qxa6 Rxa6  1/2-1/2

[Event "FIDE World Blitz 2013"]
[Site "Khanty-Mansiysk RUS"]
[Date "2013.06.10"]
[Round "22.15"]
[White "Jakovenko,D"]
[Black "Artemiev,V"]
[Result "1-0"]
[WhiteElo "2713"]
[BlackElo "2524"]

1.d4 d5 2.c4 c6 3.Nc3 Nf6 4.e3 e6 5.Nf3 Nbd7 6.Qc2 Bd6 7.Be2 O-O 8.O-O dxc4
9.Bxc4 a6 10.Rd1 b5 11.Bd3 Qc7 12.Bd2 c5 13.Ne4 c4 14.Nxd6 Qxd6 15.Be2 Bb7
16.b3 Bd5 17.Ba5 Rfc8 18.Qb2 Ne4 19.Ne1 f5 20.f3 Nef6 21.Nc2 g5 22.Nb4 g4
23.Nxd5 exd5 24.Be1 Qe6 25.Bf2 gxf3 26.gxf3 Kf7 27.Kh1 f4 28.bxc4 bxc4 29.exf4 Qf5
30.Qb1 Qxf4 31.Bg3 Qe3 32.Qc2 Re8 33.Bf1 Qg5 34.Bh3 Qh5 35.Bg2 Rg8 36.Kg1 Qg6
37.Qxg6+ Rxg6 38.Kf2 Nh5 39.Rab1 Nxg3 40.hxg3 Rag8 41.g4 Ke6 42.Rb7 Kd6 43.Ra7 Nb8
44.Rb1 Nc6 45.Rxa6 Kc7 46.Rb5 Rb8 47.Rc5 Rb2+ 48.Kg3 Rd2 49.f4 h5 50.g5 h4+
51.Kh3 Kb7 52.Raxc6 Rxc6 53.Bxd5 Rd3+ 54.Kxh4 Rxd4 55.Bxc6+ Kb6 56.Rd5 Rxf4+
57.Kg3 Kxc6 58.Kxf4 Kxd5 59.Ke3 Ke5 60.a4  1-0

[Event "3rd Ortega Rating"]
[Site "Ortega COL"]
[Date "2013.06.10"]
[Round "7.1"]
[White "Hevia,A"]
[Black "Mosquera,M"]
[Result "1/2-1/2"]
[WhiteElo "2498"]
[BlackElo "2382"]

1.d4 d5 2.c4 c6 3.Nc3 Nf6 4.e3 e6 5.Nf3 Nbd7 6.Qc2 Bd6 7.Be2 O-O 8.O-O Qe7
9.e4 dxe4 10.Nxe4 Nxe4 11.Qxe4 e5 12.c5 exd4 13.Qxd4 Bxc5 14.Qd1 Ne5 15.Bf4 Nxf3+
16.Bxf3 Qf6 17.Qd2 Be6 18.Rfe1 Qd4 19.Qc2 Qxf4 20.Qxc5 Qc7 21.b4 Rfd8 22.a4 Qd6
23.a5 Qxc5 24.bxc5 a6 25.Rab1 Rd7 26.Rb6 Rad8 27.h3 Bc4 28.Bg4 Rc7 29.Rb4 Bb5
30.Rd4 Rb8 31.Red1 Kf8 32.f4 g6 33.Kf2 Re8 34.Re1 Rce7 35.Rxe7 Rxe7 36.g3 f6
37.Rd7 Re4 38.Rxh7 f5 39.Bd1 Rd4 40.Bf3 Rd2+ 41.Ke3 Rd3+ 42.Kf2 Rd2+ 43.Ke3 Rd3+
44.Kf2 Rc3 45.Rxb7 Rxc5 46.g4 Rc2+ 47.Kg3 Rc3 48.Kf2 Rc2+ 49.Kg3 Rc3 50.Kf2  1/2-1/2

[Event "2nd Grand Europe Open 2013"]
[Site "Golden Sands BUL"]
[Date "2013.06.11"]
[Round "2.19"]
[White "Hassan,Ab"]
[Black "Blagojevic,Dr"]
[Result "0-1"]
[WhiteElo "2363"]
[BlackElo "2524"]

1.d4 d5 2.Nf3 Nf6 3.c4 e6 4.Nc3 c6 5.e3 Nbd7 6.Qc2 Bd6 7.Bd3 O-O 8.c5 Bc7
9.g4 Nxg4 10.Bxh7+ Kh8 11.h3 Ngf6 12.Ng5 e5 13.dxe5 Nxe5 14.f4 Nf3+ 15.Nxf3 Nxh7
16.Bd2 Qf6 17.O-O-O Bf5 18.Qa4 b6 19.Rdg1 bxc5 20.e4 dxe4 21.Nxe4 Qe6 22.Nxc5 Qd5
23.Qd4 Nf6 24.Qxd5 Nxd5 25.Rg5 Bh7 26.f5 Bd8 27.Rh5 Nf6 28.Rh4 Be7 29.Ne4 Nxe4
30.Rxe4 Bf6 31.Rf4 Rfd8 32.Bc3 Bxc3 33.bxc3 Rd5 34.Ng5 Bxf5 35.c4 Ra5 36.Nxf7+ Kg8
37.Rhf1 Bg6 38.R1f2 Rb8 39.Nd6 Rb1+ 40.Kd2 c5 41.Rf8+ Kh7 42.Ke3 Ra3+ 43.Kf4 Rxh3
44.Rc8 Rd1 45.Nf5 Rh5 46.Ne7 Rd4+ 47.Kf3 Rxc4 48.Nxg6 Rf5+ 49.Kg2 Rxf2+ 50.Kxf2 Kxg6
51.Ke3 Ra4 52.Rc6+ Kh7 53.Rxc5 Rxa2 54.Kf3 Kh6 55.Kg3 Ra3+ 56.Kg4 Ra4+ 57.Kg3 g6
58.Re5 Ra1 59.Rc5 a5 60.Rb5 Rg1+ 61.Kh4 Rh1+ 62.Kg4 Rh5 63.Rb8 Rc5 64.Rh8+ Kg7
65.Ra8 g5 66.Kf3 Re5 67.Kg4 Kf7 68.Rb8 Ke6 69.Ra8 Kd6 70.Ra6+ Kc7 71.Rh6 Kb7
72.Rh1 Kb6 73.Ra1 Kb5 74.Rb1+ Kc4 75.Rc1+ Kd3 76.Rc8 Kd4 77.Ra8 Kc4 78.Rc8+ Kb4
79.Rc1 a4 80.Rb1+ Kc3 81.Rb8 a3 82.Ra8 Kb4 83.Rb8+ Rb5 84.Ra8 Kb3  0-1

[Event "Zonal 3.4 Women 2013"]
[Site "Osh KGZ"]
[Date "2013.06.11"]
[Round "5"]
[White "Nakhbayeva,G"]
[Black "Gevorgyan,I"]
[Result "1-0"]
[WhiteElo "2339"]
[BlackElo "2153"]

1.d4 d5 2.c4 c6 3.Nc3 Nf6 4.e3 e6 5.Nf3 Nbd7 6.Bd3 dxc4 7.Bxc4 b5 8.Bb3 b4
9.Ne2 Ba6 10.O-O Be7 11.Re1 Rc8 12.Nf4 Nd5 13.Nh5 O-O 14.e4 N5f6 15.Nf4 Nb6
16.Ng5 Bc4 17.Bxc4 Nxc4 18.Qd3 e5 19.Nfe6 fxe6 20.Qxc4 Qe8 21.Qxe6+ Kh8 22.Qxe5 Ng4
23.Qg3 Qh5 24.Nf3 Rcd8 25.h3 Nf6 26.Bf4 Qe8 27.Be5 Nh5 28.Qg4 c5 29.d5 Bd6
30.Bxd6 Rxd6 31.Ng5 Nf4 32.g3 Nd3 33.Ne6 Rf7 34.Rf1 Ne5 35.Qd1 Nf3+ 36.Kg2 h6
37.Rc1 Rxe6 38.dxe6 Qxe6 39.Qd5 Qf6 40.Rxc5 Ne1+ 41.Kg1 Qf3 42.e5 Qf5 43.f4 Qxh3
44.Kf2 Rd7 45.Rc8+ Kh7 46.Qg8+ Kg6 47.Rc6+  1-0

[Event "2nd Grand Europe Open 2013"]
[Site "Golden Sands BUL"]
[Date "2013.06.12"]
[Round "3.11"]
[White "Blagojevic,Dr"]
[Black "Sveshnikov,V"]
[Result "1/2-1/2"]
[WhiteElo "2524"]
[BlackElo "2411"]

1.d4 d5 2.c4 e6 3.Nf3 Nf6 4.Nc3 c6 5.e3 Nbd7 6.Qc2 Bd6 7.Bd3 O-O 8.O-O dxc4
9.Bxc4 a6 10.Rd1 Qc7 11.a4 c5 12.h3 h6 13.d5 Ne5 14.Be2  1/2-1/2

[Event "8th Tal Mem Blitz"]
[Site "Moscow RUS"]
[Date "2013.06.12"]
[Round "2"]
[White "Mamedyarov,S"]
[Black "Anand,V"]
[Result "0-1"]
[WhiteElo "2753"]
[BlackElo "2786"]

1.d4 d5 2.c4 c6 3.Nc3 Nf6 4.Nf3 e6 5.e3 Nbd7 6.Qc2 Bd6 7.g4 Nxg4 8.Rg1 Qf6
9.Rxg4 Qxf3 10.Rxg7 Nf6 11.Bd2 Ng4 12.Nd1 Nxh2 13.Bg2 Qf6 14.Rxh7 Rg8 15.Bh3 Nf3+
16.Kf1 Ng5 17.Rh4 Nxh3 18.Rxh3 e5 19.Rh1 Bf5 20.Qb3 dxc4 21.Qxb7 Bd3+ 22.Ke1 Qf3
23.Qxa8+ Kd7  0-1

[Event "Zonal 3.4 Women 2013"]
[Site "Osh KGZ"]
[Date "2013.06.13"]
[Round "7"]
[White "Nakhbayeva,G"]
[Black "Shyngys Kyzy,A"]
[Result "1-0"]
[WhiteElo "2339"]
[BlackElo "1777"]

1.d4 d5 2.c4 c6 3.Nc3 Nf6 4.e3 e6 5.Nf3 Nbd7 6.Bd3 dxc4 7.Bxc4 b5 8.Bb3 a6
9.e4 b4 10.e5 bxc3 11.exf6 Bb4 12.O-O Nxf6 13.bxc3 Bxc3 14.Rb1 a5 15.Qc2 Bb4
16.Ne5 O-O 17.Nxc6 Qd6 18.Nxb4 axb4 19.Qc5 Ne4 20.Qxd6 Nxd6 21.Bd2 Ba6 22.Rfe1 Rab8
23.d5 Bd3 24.Rbd1 Bc4 25.Bf4 Bxb3 26.axb3 Rb6 27.dxe6 Nb7 28.e7 Re8 29.Rd7 f6
30.Bc7 Rc6 31.Bd8 Nc5 32.Rc1 Nxd7 33.Rxc6 Ne5 34.Rb6 Nd3 35.g3 Kf7 36.Kg2 Ne1+
37.Kh3 h5 38.f4 Nc2 39.Kg2 Ne3+ 40.Kf3 Nd5 41.Rb7 f5 42.Ke2 h4 43.Kd3 h3
44.Kd4 Nf6 45.Ra7 Ke6 46.Kc4 Ng4 47.Ra2 Ne3+ 48.Kxb4 Kd6 49.Re2 Nd5+ 50.Kc4 Nf6
51.b4 Ne4 52.b5 g6 53.b6 Kc6 54.Rxe4 fxe4 55.Kd4 e3 56.Kxe3  1-0

[Event "2nd Grand Europe Open 2013"]
[Site "Golden Sands BUL"]
[Date "2013.06.15"]
[Round "6.6"]
[White "Raznikov,D"]
[Black "Solodovnichenko,Y"]
[Result "1/2-1/2"]
[WhiteElo "2491"]
[BlackElo "2565"]

1.d4 d5 2.c4 c6 3.Nc3 Nf6 4.e3 e6 5.Nf3 Nbd7 6.Qc2 Bd6 7.Bd3 e5 8.cxd5 cxd5
9.Nb5 Bb8 10.dxe5 Nxe5 11.Nxe5 Bxe5 12.Bd2 O-O 13.Bc3 Bxc3+ 14.Qxc3 Bd7 15.O-O Bxb5
16.Bxb5 Qb6 17.Bd3 Rfd8 18.Rfd1 g6 19.Qd4  1/2-1/2

[Event "17th Petr Izmailov"]
[Site "Tomsk RUS"]
[Date "2013.06.15"]
[Round "5.13"]
[White "Lozhnikov,V"]
[Black "Sorokin,Aleksey"]
[Result "1/2-1/2"]
[WhiteElo "2323"]
[BlackElo "2065"]

1.d4 d5 2.c4 c6 3.Nf3 Nf6 4.e3 e6 5.Nc3 Nbd7 6.Bd3 dxc4 7.Bxc4 b5 8.Bd3 Bb7
9.O-O a6 10.a4 b4 11.Ne4 Be7 12.Nxf6+ Nxf6 13.Qe2 O-O 14.e4 c5 15.dxc5 Nd7
16.Be3 Bxc5 17.Rfd1 Bxe3 18.Qxe3 Qe7 19.Rac1 Rac8 20.e5 Bxf3 21.Qxf3 Nxe5
22.Bxh7+ Kxh7 23.Qh5+ Kg8 24.Qxe5 Qd7 25.a5 Qd2 26.Rb1 Qc2 27.Qe1 Rfd8 28.g3 Rxd1
29.Qxd1 Qxd1+ 30.Rxd1 Rc2 31.Rd6 Rxb2 32.Rxa6 Ra2 33.Rb6 Rxa5 34.Rxb4 g6
35.Kg2 Kg7 36.Rb7 Ra2 37.h4 Ra3 38.g4 Rc3 39.f3 Rc5 40.Kg3 Ra5  1/2-1/2

[Event "17th Voronezh Master Open"]
[Site "Voronezh RUS"]
[Date "2013.06.15"]
[Round "4.1"]
[White "Rozum,I"]
[Black "Korneev,O"]
[Result "0-1"]
[WhiteElo "2501"]
[BlackElo "2617"]

1.d4 d5 2.c4 c6 3.Nf3 Nf6 4.Nc3 e6 5.e3 Nbd7 6.Be2 Bd6 7.b3 O-O 8.O-O b6
9.a4 a5 10.Bb2 Ne4 11.Nd2 f5 12.f4 Nxd2 13.Qxd2 Qe7 14.g4 fxg4 15.Bxg4 Nf6
16.Bf3 Bd7 17.Kh1 Bb4 18.Qg2 Bxc3 19.Bxc3 Be8 20.Bb2 Bg6 21.Ba3 c5 22.Bb2 Ne4
23.Rg1 Ra7 24.Raf1 Bf5 25.Ba1 Rf6 26.dxc5 Rg6 27.Qb2 bxc5 28.Qe5 Rd7 29.Rxg6 hxg6
30.Bg2 Qh4 31.Kg1 Kh7 32.cxd5 exd5 33.Qe8 Nd2 34.Rf2 d4 35.Bb2 Re7 36.Qd8 Ne4
37.Rf3 Qe1+ 38.Bf1 Nd2 39.Qxe7 Nxf3+ 40.Kg2 Nh4+ 41.Kg1 Bh3  0-1

[Event "FIDE WGP Dilijan 2013"]
[Site "Dilijan ARM"]
[Date "2013.06.16"]
[Round "1.3"]
[White "Ushenina,A"]
[Black "Muzychuk,A"]
[Result "1/2-1/2"]
[WhiteElo "2499"]
[BlackElo "2593"]

1.d4 d5 2.c4 c6 3.Nf3 Nf6 4.Nc3 e6 5.e3 Nbd7 6.Qc2 Bd6 7.Bd3 O-O 8.O-O e5
9.cxd5 cxd5 10.Nb5 Bb8 11.dxe5 Nxe5 12.Nxe5 Bxe5 13.f4 Bb8 14.Bd2 a6 15.Nd4 Ba7
16.Rac1 Bd7 17.Qb3 Qb6 18.Rc3 Rac8 19.Qxb6 Bxb6 20.Rb3 Bxd4 21.exd4 Ne4 22.Bxe4 dxe4
23.Rxb7 Rc2 24.Rf2 Be6 25.a3 Rfc8 26.Bc3 Rc1+ 27.Rf1 Rc2 28.Rf2 Rc1+ 29.Rf1 Rc2
30.Rf2 Rc1+ 31.Rf1  1/2-1/2

[Event "2nd Grand Europe Open 2013"]
[Site "Golden Sands BUL"]
[Date "2013.06.16"]
[Round "7.48"]
[White "Yakimenko,Alex"]
[Black "Ali Marandi,C"]
[Result "0-1"]
[WhiteElo "2214"]
[BlackElo "2383"]

1.d4 d5 2.Nf3 Nf6 3.c4 c6 4.Nc3 e6 5.e3 Nbd7 6.Qc2 Bd6 7.a3 O-O 8.Bd3 e5
9.cxd5 cxd5 10.dxe5 Nxe5 11.Nxe5 Bxe5 12.Ne2 Bd7 13.Bd2 Rc8 14.Qb3 Re8 15.Bc3 Bxc3+
16.bxc3 b6 17.O-O Bc6 18.Nd4 Bb7 19.Rfd1 Qc7 20.Nb5 Qe5 21.Qb4 a5 22.Qd4 Rc5
23.Rab1 Qb8 24.a4 Ba6 25.f3 Bxb5 26.Bxb5 Rec8 27.Ba6 R8c7 28.Rb3 h6 29.Rdb1 R7c6
30.Bb5 Re6 31.Bd3 Qc7 32.R1b2 g6 33.Rb1 Nd7 34.f4 f5 35.g4 fxg4 36.f5 Ne5
37.Qf4 g5 38.Qg3 Rf6 39.Be2 Rxc3 40.Rb5 Rc5 41.Rxc5 bxc5 42.Bxg4 Qd6 43.h4 Nc4
44.Qxd6 Rxd6 45.hxg5 hxg5 46.Kf2 Rb6 47.Rd1 Rb2+ 48.Be2 Nd2 49.Ke1 Ne4 50.Rc1 Rb4
51.Bb5 Kg7 52.Rc2 Kf6 53.Bd3 c4 54.Be2 Rxa4 55.Bg4 Rb4 56.Ke2 c3 57.Kd3 Nc5+  0-1

[Event "FIDE WGP Dilijan 2013"]
[Site "Dilijan ARM"]
[Date "2013.06.17"]
[Round "2.4"]
[White "Koneru,H"]
[Black "Danielian,E"]
[Result "1-0"]
[WhiteElo "2597"]
[BlackElo "2475"]

1.d4 Nf6 2.c4 e6 3.Nf3 d5 4.Nc3 c6 5.e3 Nbd7 6.Qc2 Bd6 7.g4 h6 8.Rg1 dxc4
9.Bxc4 b5 10.Be2 Bb7 11.e4 e5 12.h4 g6 13.g5 hxg5 14.hxg5 Nh5 15.Be3 Qc7
16.O-O-O a6 17.dxe5 Nxe5 18.Nd4 O-O-O 19.f4 Nc4 20.Bxc4 Bxf4 21.Bxf4 Qxf4+
22.Kb1 bxc4 23.Na4 Rhe8 24.Nc5 Ng3 25.Qxc4 Nxe4 26.Nxb7 Kxb7 27.Qxc6+ Ka7
28.Nb5+ axb5 29.Rd7+ Rxd7 30.Qxd7+ Kb6 31.Qxe8 Nd2+ 32.Ka1 Qd4 33.Qb8+ Ka6
34.Qc8+ Kb6 35.Qg4 Qf2 36.Rd1 Nf3 37.Qb4 Qc2 38.Qd6+ Qc6 39.Qd8+  1-0

[Event "2nd Grand Europe Open 2013"]
[Site "Golden Sands BUL"]
[Date "2013.06.17"]
[Round "8.12"]
[White "Arngrimsson,D"]
[Black "Sengupta,D"]
[Result "0-1"]
[WhiteElo "2396"]
[BlackElo "2548"]

1.d4 d5 2.c4 e6 3.Nf3 c6 4.Nc3 Nf6 5.e3 Nbd7 6.Qc2 Bd6 7.Bd3 O-O 8.O-O dxc4
9.Bxc4 a6 10.Rd1 c5 11.Be2 Qc7 12.h3 b5 13.dxc5 Bxc5 14.Ng5 Bb6 15.Bf3 Rb8
16.Qe2 Ne5 17.Bd2 h6 18.Nge4 Nxf3+ 19.Qxf3 Nxe4 20.Qxe4 Bb7 21.Qg4 f5 22.Qg3 Qxg3
23.fxg3 Rbd8 24.Kf1 g5 25.Rac1 Rxd2 26.Rxd2 Bxe3 27.Rcd1 Bxd2 28.Rxd2 b4
29.Nd1 Bd5 30.b3 Rd8 31.Ne3 Kf7 32.Kf2 Ke7 33.g4 f4 34.Nxd5+ Rxd5 35.Rc2 Rd3
36.Rc7+ Kd6 37.Rb7 a5 38.Ke2 Rg3 39.Kf2 Rc3 40.Rh7 Rc2+ 41.Kf3 Rxa2 42.Rxh6 Ra3
43.Rg6 a4  0-1

[Event "8th Teplice Open 2013"]
[Site "Teplice CZE"]
[Date "2013.06.18"]
[Round "4.18"]
[White "Smirnov,Arte"]
[Black "Kozak,Mi"]
[Result "1-0"]
[WhiteElo "2422"]
[BlackElo "2166"]

1.d4 d5 2.c4 c6 3.Nf3 Nf6 4.e3 e6 5.Nc3 Nbd7 6.Qc2 Bd6 7.b3 O-O 8.Be2 b6
9.Bb2 Bb7 10.O-O Qe7 11.Rad1 Rad8 12.Rfe1 c5 13.cxd5 exd5 14.Bf1 a6 15.g3 Bb8
16.Rb1 g6 17.dxc5 bxc5 18.Bg2 Nb6 19.a4 c4 20.Ne2 Na8 21.a5 cxb3 22.Qxb3  1-0

[Event "7th Srebrno Jezero Open 2013"]
[Site "Srebrno jezero SRB"]
[Date "2013.06.19"]
[Round "8.8"]
[White "Cabrilo,G"]
[Black "Andrejic,V"]
[Result "1/2-1/2"]
[WhiteElo "2404"]
[BlackElo "2199"]

1.d4 d5 2.c4 c6 3.Nf3 Nf6 4.Nc3 e6 5.e3 Nbd7 6.Bd3 dxc4 7.Bxc4 b5 8.Be2 a6
9.e4 b4 10.e5 bxc3 11.exf6 Nxf6 12.bxc3 c5 13.O-O cxd4 14.Nxd4 Bb7 15.Qb3 Bd5
16.c4 Be4 17.Rd1 Qc7 18.Bg5 Bc5 19.Bf3 O-O 20.Bxf6 Bxf3 21.Qxf3 gxf6 22.Qxf6 Be7
23.Qf3 Qxc4 24.Nc6 Qh4 25.Rd4 Qf6 26.Rad1 Rae8 27.Rf4 Qh6 28.Rd7 Bc5 29.Rg4+ Kh8
30.Qc3+ e5 31.Qxc5 Qe6 32.Qxe5+ Qxe5 33.Nxe5 Rxe5 34.g3 Rh5 35.a4 Rf5 36.Rgd4 Rc8
37.R4d5 Rxd5 38.Rxd5 Rc4 39.Ra5 Rc6 40.Kg2 Kg7 41.g4 Kf8 42.Kg3 Ke7 43.f3 h6
44.h3 Kf8 45.Kh4 Kg7 46.Kg3 Kg6 47.Rd5 Kg7 48.h4 Rc4 49.Ra5 Rc6 50.h5 Rf6
51.Rc5 Rd6 52.a5 Re6 53.Rf5 Rc6 54.Kf2 Rd6 55.Kg3 Re6 56.g5 Rc6 57.Kg4 Rc4+
58.Rf4 Rc6 59.gxh6+ Rxh6  1/2-1/2

[Event "8th Teplice Open 2013"]
[Site "Teplice CZE"]
[Date "2013.06.19"]
[Round "5.1"]
[White "Rausis,I"]
[Black "Krejci,Jan2"]
[Result "1/2-1/2"]
[WhiteElo "2532"]
[BlackElo "2503"]

1.Nf3 Nf6 2.c4 e6 3.Nc3 d5 4.d4 c6 5.e3 Nbd7 6.Qc2 Bd6 7.Be2 O-O 8.O-O dxc4
9.Bxc4 b5 10.Be2 Bb7 11.Rd1 Qb8 12.Bd2 a6 13.Ne4 Nxe4 14.Qxe4 c5 15.Qh4 cxd4
16.Nxd4 Nf6 17.Bf3 Bxf3 18.Nxf3 Be7 19.Bb4 Bxb4 20.Qxb4  1/2-1/2

[Event "6th Karen Asrian Mem"]
[Site "Jermuk ARM"]
[Date "2013.06.20"]
[Round "5.3"]
[White "Hayrapetyan,Ho"]
[Black "Ter Sahakyan,S"]
[Result "1/2-1/2"]
[WhiteElo "2502"]
[BlackElo "2582"]

1.d4 Nf6 2.Nf3 e6 3.c4 d5 4.Nc3 c6 5.e3 Nbd7 6.Qc2 Bd6 7.Bd3 O-O 8.O-O dxc4
9.Bxc4 a6 10.Rd1 b5 11.Be2 Qc7 12.e4 e5 13.Bg5 exd4 14.Bxf6 Nxf6 15.Rxd4 Ng4
16.h3 Ne5 17.Rc1 Qe7 18.Rdd1 Nxf3+ 19.Bxf3 Bf4 20.Ra1 Be5 21.Rac1 Qf6 22.Qe2 Be6
23.Bg4 Rad8 24.Rxd8 Rxd8 25.Bxe6 fxe6 26.Rd1 c5 27.g3 Rf8 28.f4 Bxc3 29.bxc3 Qxc3
30.Kg2 c4 31.e5 Qa5 32.Rd7 Rd8 33.Qd1 Qxa2+ 34.Kf3 Qa3+ 35.Kg4 Re8 36.Qh1 Qf8
37.Qc6 h6 38.Qxa6 Qf5+ 39.Kf3 Qxh3 40.Qxb5 Qf1+ 41.Ke3 Qg1+ 42.Kf3 Qh1+ 43.Ke3 Qg2
44.Rxg7+ Kxg7 45.Qxe8 Qxg3+ 46.Ke2 Qg6 47.Qd7+ Qf7 48.Qc8 c3 49.Ke3 Qf5 50.Qd7+ Kg6
51.Qe8+ Qf7 52.Qc6 h5 53.Qxc3 h4 54.Qc2+ Qf5 55.Qg2+ Kh5 56.Qg7 Qg6 57.Qh8+ Kg4
58.Qf6 Qf5 59.Qg7+ Kh5 60.Qh8+ Kg4  1/2-1/2

[Event "8th Teplice Open 2013"]
[Site "Teplice CZE"]
[Date "2013.06.20"]
[Round "6.30"]
[White "Bartos,J"]
[Black "Volek,R"]
[Result "1-0"]
[WhiteElo "2196"]
[BlackElo "2073"]

1.d4 d5 2.c4 c6 3.e3 Nf6 4.Nc3 e6 5.Nf3 Nbd7 6.Bd3 dxc4 7.Bxc4 b5 8.Be2 Bb7
9.O-O Be7 10.a3 a6 11.b4 Nd5 12.Bd2 g5 13.e4 Nf4 14.Bxf4 gxf4 15.Qd2 Bg5
16.e5 Bh6 17.Ne4 Ke7 18.Nd6 Rb8 19.Rac1 Ba8 20.Bd3 Qg8 21.Be4 Rb6 22.Rc3 Nb8
23.d5 f5 24.Bxf5 exd5 25.Nc8+ Qxc8 26.Bxc8 Rxc8 27.Qd3 Rh8  1-0

[Event "17th Voronezh Master Open"]
[Site "Voronezh RUS"]
[Date "2013.06.20"]
[Round "8.10"]
[White "Kharitonov,Alexandr"]
[Black "Kharchenko,B"]
[Result "1/2-1/2"]
[WhiteElo "2546"]
[BlackElo "2495"]

1.d4 d5 2.c4 c6 3.Nc3 Nf6 4.e3 e6 5.Nf3 Nbd7 6.Qc2 Bd6 7.Bd3 dxc4 8.Bxc4 O-O
9.O-O e5 10.Bb3 h6 11.Rd1 Qc7 12.h3 Re8 13.dxe5 Nxe5 14.Nd4 Kf8 15.Nf5 Bxf5
16.Qxf5 Ng6 17.Qc2 Rad8 18.Bd2 Qe7 19.Re1 Qe5 20.f4 Qc5 21.Kh1 Qh5 22.Rad1 Bc7
23.Bc1 Rxd1 24.Qxd1 Qh4 25.Rf1 Ne7 26.Qe1 Qxe1 27.Rxe1 Ned5 28.Nxd5 cxd5
29.Rd1 Bb6 30.Bxd5 Nxd5 31.Rxd5 Bxe3 32.Bxe3 Rxe3 33.Rd7 Re7 34.Rd8+ Re8
35.Rd7 Re7 36.Rd8+ Re8 37.Rd7  1/2-1/2

[Event "8th Tal Memorial"]
[Site "Moscow RUS"]
[Date "2013.06.21"]
[Round "7.3"]
[White "Mamedyarov,S"]
[Black "Anand,V"]
[Result "1/2-1/2"]
[WhiteElo "2753"]
[BlackElo "2786"]

1.d4 d5 2.c4 c6 3.Nc3 Nf6 4.e3 e6 5.Nf3 Nbd7 6.Qc2 Bd6 7.Bd3 O-O 8.O-O e5
9.cxd5 cxd5 10.e4 exd4 11.Nxd5 Nxd5 12.exd5 h6 13.Nxd4 Qh4 14.Nf3 Qh5 15.Bh7+ Kh8
16.Qf5 Qxf5 17.Bxf5 Nf6 18.Bc2 b6 19.Rd1 Bb7 20.Bb3 Rad8 21.Rd3 Bc7 22.Bd2 Bxd5
23.Bxd5 Rxd5 24.Rxd5 Nxd5 25.Rc1 Rd8 26.h4 Rd7 27.Kf1 Kg8 28.b4 b5 29.Ke2 h5
30.g3 Bb6 31.Rc8+ Kh7 32.Ng5+ Kg6 33.Rc6+ f6 34.Ne6 Kf7 35.Nc5 Rc7 36.Rd6 Nxb4
37.Bxb4 Bxc5 38.Bxc5 Rxc5 39.Rd7+ Kg6 40.Rxa7 Rc2+  1/2-1/2

[Event "6th Sveins Memorial"]
[Site "Oslo NOR"]
[Date "2013.06.21"]
[Round "9"]
[White "Moseng,Geir"]
[Black "Davis,Katherine S"]
[Result "1-0"]
[WhiteElo "2068"]
[BlackElo "1637"]

1.d4 d5 2.c4 c6 3.Nc3 Nf6 4.e3 e6 5.Nf3 Nbd7 6.Bd3 dxc4 7.Bxc4 b5 8.Bd3 Bb7
9.e4 a6 10.e5 Nd5 11.Nxd5 cxd5 12.Ng5 Bb4+ 13.Kf1 Be7 14.h4 Bxg5 15.hxg5 g6
16.Bd2 Qb6 17.Qg4 a5 18.a3 Ba6 19.Rh3 Rc8 20.Kg1 Nb8 21.Qf4 Nc6 22.Rh4 a4
23.g3 Qb7 24.Qf6 Rg8 25.Kg2 Qe7 26.Qf4 Rh8 27.Rah1 Qf8 28.Rxh7 Rxh7 29.Rxh7 Qg8
30.Qh4 Ke7 31.Qh6 Rf8 32.Bxg6 Ke8 33.Bh5 Nxd4 34.Bb4 Nf5 35.Qxe6+  1-0

[Event "12th TCh-BIH Prem"]
[Site "Sarajevo BIH"]
[Date "2013.06.21"]
[Round "7.5"]
[White "Erdos,V"]
[Black "Konjicanin,M"]
[Result "1-0"]
[WhiteElo "2645"]
[BlackElo "2286"]

1.d4 d5 2.c4 c6 3.Nc3 Nf6 4.e3 e6 5.Nf3 Nbd7 6.Qc2 Bd6 7.Bd3 O-O 8.O-O dxc4
9.Bxc4 e5 10.h3 exd4 11.exd4 h6 12.Bxh6 gxh6 13.Qg6+ Kh8 14.Qxh6+ Kg8 15.Ng5 Bf4
16.Nce4 b5 17.Qg6+ Kh8  1-0

[Event "12th TCh-BIH Prem"]
[Site "Sarajevo BIH"]
[Date "2013.06.21"]
[Round "7.1"]
[White "Sutkovic,D"]
[Black "Stojanovic,Do"]
[Result "1-0"]
[WhiteElo "2331"]
[BlackElo "2361"]

1.d4 d5 2.c4 c6 3.Nc3 Nf6 4.e3 e6 5.Nf3 Nbd7 6.Qc2 Bd6 7.g4 dxc4 8.Bxc4 b5
9.Be2 Bb7 10.g5 Nd5 11.Ne4 Be7 12.Bd2 Rc8 13.Nc5 Nxc5 14.dxc5 a5 15.O-O-O Qc7
16.Kb1 Ra8 17.h4 Bc8 18.e4 Nf4 19.Bc3 f6 20.gxf6 gxf6 21.e5 f5 22.Rd6 b4
23.Bd4 Rg8 24.Ng5 h6 25.Nh7 Rg6 26.Bf3 Ra6 27.Qd2 Bxd6 28.Nf6+ Rxf6 29.exd6 Qf7
30.Qxf4 e5 31.Qxe5+ Re6 32.Qh8+ Kd7 33.Rg1 Rg6 34.Re1 Qg8 35.Qxg8 Rxg8 36.Bh5 f4
37.Bf6 Rf8 38.Re7+ Kd8 39.Re8+  1-0

[Event "8th Teplice Open 2013"]
[Site "Teplice CZE"]
[Date "2013.06.21"]
[Round "7.51"]
[White "Chmelik,J"]
[Black "Zima,To2"]
[Result "1-0"]
[WhiteElo "2001"]
[BlackElo "1832"]

1.d4 d5 2.c4 c6 3.Nf3 Nf6 4.Nc3 e6 5.e3 Nbd7 6.Qc2 dxc4 7.Bxc4 b5 8.Be2 Bb7
9.O-O Be7 10.e4 O-O 11.e5 Nd5 12.Nxd5 exd5 13.Be3 Re8 14.Bd3 Nf8 15.Nd2 g5
16.f4 gxf4 17.Bxf4 Bg5 18.Rf3 Bxf4 19.Rxf4 Ng6 20.Rf6 Kg7 21.Raf1 Re7 22.e6 fxe6
23.Bxg6 hxg6 24.Qxg6+ Kh8 25.Qh6+  1-0

[Event "7th Varna Open 2013"]
[Site "Varna BUL"]
[Date "2013.06.21"]
[Round "3.11"]
[White "Swapnil,SD"]
[Black "Abdalla,L"]
[Result "1-0"]
[WhiteElo "2469"]
[BlackElo "2288"]

1.d4 d5 2.c4 c6 3.e3 Nf6 4.Nc3 e6 5.Nf3 Nbd7 6.Qc2 Bd6 7.Be2 O-O 8.O-O e5
9.cxd5 cxd5 10.Nb5 Bb8 11.dxe5 Nxe5 12.b3 Nxf3+ 13.Bxf3 a6 14.Nd4 Qd6 15.g3 Re8
16.Bb2 Ne4 17.Bg2 Ba7 18.Rac1 Bb6 19.Rfd1 Qe7 20.Qe2 Bd7 21.Rc2 Rad8 22.Qh5 g6
23.Qh6 f6 24.Qf4 Kg7 25.Rdc1 Bc8 26.g4 Bd7 27.h4 Kg8 28.h5 Rf8 29.hxg6 hxg6
30.Qh6 Qh7 31.Qxh7+ Kxh7 32.f3 Ng5 33.Kf2 Rde8 34.Ba3 Rf7 35.Bc5 Bc7 36.Ba7 Bd6
37.Bb6 Rfe7 38.Bc5 Bxc5 39.Rxc5 Rxe3 40.Rc7 R3e7 41.Rxb7 Ne6 42.Nxe6 Bxe6
43.Rxe7+ Rxe7 44.Rc6 a5 45.Ra6 d4 46.Rd6 a4 47.bxa4 Kg7 48.Rxd4 Rc7 49.Bf1 Rc2+
50.Ke3 Rxa2 51.Bb5 Ra3+ 52.Rd3 Ra1 53.Kd4 Kh6 54.Kc5 Kg5 55.Kb6 Rb1  1-0

[Event "66th ch-RUS HL"]
[Site "Yekaterinburg RUS"]
[Date "2013.06.21"]
[Round "2.6"]
[White "Matlakov,M"]
[Black "Goganov,A"]
[Result "0-1"]
[WhiteElo "2665"]
[BlackElo "2562"]

1.d4 d5 2.c4 c6 3.Nc3 Nf6 4.e3 e6 5.Nf3 Nbd7 6.Qc2 Bd6 7.Bd3 O-O 8.O-O dxc4
9.Bxc4 a6 10.Ng5 c5 11.Nce4 Nxe4 12.Nxe4 Bb8 13.dxc5 Nxc5 14.Nxc5 Qc7 15.g3 Qxc5
16.b4 Qc6 17.Bb2 b5 18.Qc3 f6 19.Bb3 Qxc3 20.Bxc3 Kf7 21.Rfd1 Ke7 22.Bc2 Bb7
23.Rd2 Bd6 24.a3 Rac8 25.Bb2 Rfd8 26.Bb3 h5 27.Bd4 Be5 28.Re1 Kf7 29.f4 Bxd4
30.Rxd4 Rxd4 31.exd4 Bd5 32.Bxd5 exd5 33.f5 Rc3 34.Re6 Rxa3 35.Kf2 Ra4 36.Ke3 g6
37.Rd6 gxf5 38.Rxd5 Rxb4 39.Rxf5 a5 40.d5 a4 41.Rxh5 a3  0-1

[Event "FIDE WGP Dilijan 2013"]
[Site "Dilijan ARM"]
[Date "2013.06.22"]
[Round "6.2"]
[White "Koneru,H"]
[Black "Muzychuk,A"]
[Result "1-0"]
[WhiteElo "2597"]
[BlackElo "2593"]

1.d4 d5 2.c4 c6 3.Nc3 Nf6 4.e3 e6 5.Nf3 Nbd7 6.Qc2 Bd6 7.Bd3 O-O 8.O-O e5
9.cxd5 cxd5 10.e4 exd4 11.Nxd5 Nxd5 12.exd5 h6 13.h3 Qf6 14.Rd1 Ne5 15.Nxd4 Nxd3
16.Qxd3 Qe5 17.Nf3 Qh5 18.Re1 Bf5 19.Qe3 Bd7 20.Qb3 Rfe8 21.Bd2 b6 22.Nd4 Re5
23.Rxe5 Qxe5 24.Nf3 Qh5 25.Re1 Re8 26.Rxe8+ Bxe8 27.a3 Qf5 28.Bb4 Qb1+ 29.Ne1 Be5
30.Bc3 Qe4 31.Qd1 Bd6 32.Qf3 Qxf3 33.Nxf3 Kf8 34.Nd4 g6 35.Kf1 Ke7 36.Ke2 Bc5
37.Kd3 Kd6 38.Kc4 a6 39.Bb4 Bxb4 40.axb4 f6 41.b5 a5 42.Ne2 Bf7 43.Nc3 Ke5
44.g3 g5 45.f4+ gxf4 46.gxf4+ Kxf4 47.Na4 f5 48.Nxb6 Ke4 49.Kc5 f4 50.d6 f3
51.d7 f2 52.d8=Q f1=Q 53.Qd4+ Kf5 54.Nd7 Qc1+ 55.Kd6  1-0

[Event "Gold Coast Open 2013"]
[Site "Gold Coast AUS"]
[Date "2013.06.22"]
[Round "1"]
[White "Wallis,C"]
[Black "Simmonds,L"]
[Result "1-0"]
[WhiteElo "2287"]
[BlackElo "1748"]

1.d4 d5 2.c4 c6 3.Nf3 Nf6 4.Nc3 e6 5.e3 Nbd7 6.Qc2 Bd6 7.Bd3 Qc7 8.O-O O-O
9.e4 dxe4 10.Nxe4 Nxe4 11.Bxe4 Nf6 12.Bd3 c5 13.dxc5 Bxc5 14.Bg5 h6 15.Bxf6 gxf6
16.Qd2 Kg7 17.Rae1 f5 18.Qc3+ f6 19.b4 Be7 20.Nd4 Kf7 21.c5 Re8 22.Bc4 Bf8
23.Qf3 Bd7 24.Qh5+ Kg7 25.Nxf5+ Kh8 26.Nxh6 Re7 27.Nf7+ Kg8 28.Qg6+ Bg7 29.Nd6 Be8
30.Nxe8 Raxe8 31.Rxe6 Rxe6 32.Qxe8+ Kh7 33.Qxe6 Qf4 34.Bd3+ Kh6 35.Qh3+ Kg5
36.g3 Qd4 37.Qf5+  1-0

[Event "TCh-SUI 2013"]
[Site "Switzerland SUI"]
[Date "2013.06.22"]
[Round "4.3"]
[White "Moor,O"]
[Black "Schiendorfer,E"]
[Result "0-1"]
[WhiteElo "2391"]
[BlackElo "2392"]

1.d4 d5 2.c4 c6 3.Nf3 Nf6 4.Nc3 e6 5.e3 Nbd7 6.Bd3 dxc4 7.Bxc4 b5 8.Bd3 Bb7
9.e4 b4 10.Na4 c5 11.e5 Nd5 12.O-O a6 13.Nxc5 Nxc5 14.dxc5 Bxc5 15.Bd2 Be7
16.Qe2 h6 17.Rad1 Qb6 18.Rc1 Rc8 19.Rxc8+ Bxc8 20.h4 Bb7 21.h5 Kd7 22.Qe4 Rd8
23.Qg4 Bf8 24.Nd4 Kc8 25.Nb3 Kb8 26.Bc4 a5 27.a3 a4 28.Nc1 Qc7 29.axb4 f5
30.Qe2 Nxb4 31.Be3 f4 32.Bd2 Rd4 33.Bxe6 Qc6 34.Bh3 Ba6 35.Qe1 Nc2  0-1